Bài học từ biển
Quyển sách tập hợp 21 câu chuyện có liên quan đến biển nhưng mỗi câu chuyện là một bài học, một triết lí, một cách sống mà từ biển chúng ta cần học tập và suy ngẫm.
Gorde:
| Formatua: | Liburua |
|---|---|
| Hizkuntza: | Undetermined |
| Argitaratua: |
Tp. Hồ chí Minh
Trẻ
2006
|
| Gaiak: | |
| Etiketak: |
Etiketa erantsi
Etiketarik gabe, Izan zaitez lehena erregistro honi etiketa jartzen!
|
| Thư viện lưu trữ: | Trung tâm Học liệu Trường Đại học Cần Thơ |
|---|
| LEADER | 00783nam a2200205Ia 4500 | ||
|---|---|---|---|
| 001 | CTU_112933 | ||
| 008 | 210402s9999 xx 000 0 und d | ||
| 020 | |c 14000 | ||
| 082 | |a 808.83 | ||
| 082 | |b B103 | ||
| 245 | 0 | |a Bài học từ biển | |
| 245 | 0 | |c Đài Lan tuyển chọn | |
| 260 | |a Tp. Hồ chí Minh | ||
| 260 | |b Trẻ | ||
| 260 | |c 2006 | ||
| 520 | |a Quyển sách tập hợp 21 câu chuyện có liên quan đến biển nhưng mỗi câu chuyện là một bài học, một triết lí, một cách sống mà từ biển chúng ta cần học tập và suy ngẫm. | ||
| 650 | |a Short stories | ||
| 650 | |x Collections | ||
| 904 | |i Minh | ||
| 980 | |a Trung tâm Học liệu Trường Đại học Cần Thơ | ||